| 000 | 00472nam a2200181Ia 4500 | ||
|---|---|---|---|
| 005 | 20240823020453.0 | ||
| 008 | 240823s9999||||xx |||||||||||||| ||und|| | ||
| 041 | _aENGLISH | ||
| 082 | _A658.3 P4 | ||
| 100 | _aVernon Coleman | ||
| 245 | 0 | _aImprove Your Personality by Taking Care of Your Skin 3 | |
| 250 | _a1st | ||
| 260 |
_c2004 _b"Competition Review,New " |
||
| 500 | _aTRANSFERED | ||
| 650 |
_aPersonality _bManagement Studies |
||
| 942 | _cBK | ||
| 999 |
_c174827 _d174827 |
||